A-Z: Answers containing "Cop" - Statistics

General Stats
  • This quiz has been taken 6 times
  • The average score is 5 of 26
Answer Stats
Initial Clue Answer % Correct
H Manoeuvrable flying machine which can go up vertically (10) Helicopter
83%
C Snake named after a metal and a body part (10) Copperhead
50%
K Optical tube containing mirrors and coloured glass, which allows fascinating patterns to be viewed (12) Kaleidoscope
50%
P Device used on submerged submarines to see what's above the surface (9) Periscope
50%
S Coffin associated with mummies in ancient Egypt (11) Sarcophagus
50%
T Instrument used for seeing far-off objects, especially in space (9) Telescope
50%
A Minimally invasive surgery that uses a small camera to examine and repair damage inside a joint (11 letters) Arthroscopy
33%
E Of or relating to a bishop (9) Episcopal
33%
F One who loves the land of Descartes and Voltaire (11) Francophile
33%
R To make another identical version of (6) Recopy
33%
D A fan of collecting records and music (10) Discophile
17%
Q A type of aircraft with four rotors (10) Quadcopter
17%
B Island off the south coast of Florida, perhaps where 18th century prime minister William plays the role of a large policeman? (13) Big Coppitt Key
0%
G Molecule which the body uses to build fibres; this one has an added prefix which is related to a certain type of sugar (12) Glucoprotein
0%
I X-ray device for detecting contraband articles (13) Inspectoscope
0%
J A fish which is always found in southern Africa (9) Jacopever
0%
L Town on the plains of Argentina which the European Union gives backing to (8) Loncopué
0%
M The small text in software such as a website that guides users, eg. labels to explain buttons, and instructions (9) Microcopy
0%
N Not occupying the same surface or linear plane (11) Noncoplanar
0%
O Killer whale swallows large area of grass in Peruvian town (9) Orcopampa
0%
U Not able to have a certain patent protection applied to it (for creative works); this is the longest word in the Merriam-Webster dictionary with all its letters different (15) Uncopyrightable
0%
V Medical examining instrument which doesn't bear thinking about, especially if you're a woman (11) Vaginoscope
0%
W Another name one sometimes uses for American basswood, a type of linden tree (6) Wicopy
0%
X A genus of carpenter bees (8) Xylocopa
0%
Y A town in Colombia which can be said to be no. 1 (6) Yacopí
0%
Z Apparatus for determining the fermenting power of yeast; my clue for this one may be a bit backward (9) Zymoscope
0%
No matching quizzes found
Score Distribution
Percent of People with Each Score
Percentile by Number Answered
Your Score History
You have not taken this quiz